Normal view
MARC view
- القبيلات، حمدي سليمان
Entry Personal Name
001 - CONTROL NUMBER
- control field: 33444
003 - CONTROL NUMBER IDENTIFIER
- control field: JO-AjAnu
005 - DATE AND TIME OF LATEST TRANSACTION
- control field: 20230606075618.0
008 - FIXED-LENGTH DATA ELEMENTS
- fixed length control field: 230606|| aca||aabn | a|a d
040 ## - CATALOGING SOURCE
- Original cataloging agency: JO-AjAnu
- Transcribing agency: JO-AjAnu
100 ## - HEADING--PERSONAL NAME
- Personal name: القبيلات، حمدي سليمان
670 ## - SOURCE DATA FOUND
- Source citation: Work cat.: (JO-AjAnu)17181: القبيلات، حمدي سليمان, author, الرقابة الإدارية و المالية على الأجهزة الحكومية : دراسة تحليلية و تطبيقية